[Event "DEM U14 2025"]
[Site "Willingen GER"]
[Date "2025.06.09"]
[Round "3"]
[White "Zimmer, Tim"]
[Black "Dodul, Arthur"]
[Result "0-1"]
[Termination "normal"]
[Board "9"]
[WhiteElo "1866"]
[BlackElo "1926"]
[WhiteClock "00:00:48"]
[BlackClock "00:14:16"]
[PlyCount "82"]
[WhiteFideId "34603115"]
[BlackFideId "34609016"]
[EventCountry "GER"]
[EventRounds "9"]
[EventType "swiss"]
[EventDate "2025.06.07"]

1. e4 {[%clk 01:30:58]} {[%emt 00:00:01]} e5 {[%clk 01:30:40]} {[%emt
00:00:20]} 2. Nf3 {[%clk 01:31:21]} {[%emt 00:00:06]} Nc6 {[%clk 01:31:07]}
{[%emt 00:00:05]} 3. Bc4 {[%clk 01:31:45]} {[%emt 00:00:05]} Nf6 {[%clk
01:31:31]} {[%emt 00:00:07]} 4. d3 {[%clk 01:32:08]} {[%emt 00:00:06]} Be7
{[%clk 01:31:55]} {[%emt 00:00:06]} 5. O-O {[%clk 01:31:51]} {[%emt 00:00:47]}
O-O {[%clk 01:32:18]} {[%emt 00:00:07]} 6. c3 {[%clk 01:32:00]} {[%emt
00:00:20]} d6 {[%clk 01:32:40]} {[%emt 00:00:09]} 7. Re1 {[%clk 01:31:46]}
{[%emt 00:00:44]} Na5 {[%clk 01:32:22]} {[%emt 00:00:49]} 8. Bb5 {[%clk
01:31:30]} {[%emt 00:00:44]} a6 {[%clk 01:30:58]} {[%emt 00:01:55]} 9. Ba4
{[%clk 01:31:35]} {[%emt 00:00:24]} b5 {[%clk 01:31:02]} {[%emt 00:00:27]} 10.
Bc2 {[%clk 01:31:36]} {[%emt 00:00:28]} c5 {[%clk 01:30:34]} {[%emt 00:00:59]}
11. d4 {[%clk 01:14:04]} {[%emt 00:18:02]} cxd4 {[%clk 01:25:39]} {[%emt
00:05:25]} 12. cxd4 {[%clk 01:13:59]} {[%emt 00:00:34]} Nc6 {[%clk 01:24:42]}
{[%emt 00:01:27]} 13. h3 {[%clk 01:00:56]} {[%emt 00:13:34]} Re8 {[%clk
01:20:53]} {[%emt 00:04:20]} 14. Be3 {[%clk 00:54:50]} {[%emt 00:06:34]} h6
{[%clk 01:19:38]} {[%emt 00:01:44]} 15. a3 {[%clk 00:54:21]} {[%emt 00:01:01]}
Bf8 {[%clk 01:18:27]} {[%emt 00:01:41]} 16. d5 {[%clk 00:42:56]} {[%emt
00:11:54]} Ne7 {[%clk 01:09:07]} {[%emt 00:09:52]} 17. a4 {[%clk 00:40:34]}
{[%emt 00:02:52]} Bd7 {[%clk 01:07:05]} {[%emt 00:02:32]} 18. axb5 {[%clk
00:39:42]} {[%emt 00:01:21]} axb5 {[%clk 01:04:43]} {[%emt 00:02:52]} 19. Nc3
{[%clk 00:32:23]} {[%emt 00:07:49]} Qb8 {[%clk 00:57:59]} {[%emt 00:07:14]} 20.
Nh2 {[%clk 00:25:34]} {[%emt 00:07:18]} Rxa1 {[%clk 00:52:32]} {[%emt
00:05:58]} 21. Qxa1 {[%clk 00:25:57]} {[%emt 00:00:07]} Rc8 {[%clk 00:51:51]}
{[%emt 00:01:11]} 22. Bd3 {[%clk 00:23:51]} {[%emt 00:02:36]} g5 {[%clk
00:47:42]} {[%emt 00:04:39]} 23. g4 {[%clk 00:19:57]} {[%emt 00:04:24]} Ng6
{[%clk 00:45:54]} {[%emt 00:02:19]} 24. Ne2 {[%clk 00:18:48]} {[%emt 00:01:38]}
Nh4 {[%clk 00:43:10]} {[%emt 00:03:14]} 25. Ng3 {[%clk 00:16:50]} {[%emt
00:02:27]} Be7 {[%clk 00:36:48]} {[%emt 00:06:52]} 26. Nf5 {[%clk 00:14:49]}
{[%emt 00:02:30]} Bxf5 {[%clk 00:34:59]} {[%emt 00:02:20]} 27. gxf5 {[%clk
00:15:10]} {[%emt 00:00:09]} Nd7 {[%emt 00:15:38]} 28. b4 {[%clk 00:07:13]} Nb6
{[%clk 00:23:02]} {[%emt 00:05:48]} 29. Bxb6 {[%clk 00:04:45]} {[%emt
00:02:57]} Qxb6 {[%clk 00:23:25]} {[%emt 00:00:07]} 30. Qa5 {[%clk 00:02:48]}
{[%emt 00:02:27]} Qd4 {[%clk 00:15:57]} {[%emt 00:07:58]} 31. Qxb5 {[%clk
00:01:52]} {[%emt 00:01:26]} Bd8 {[%clk 00:15:43]} {[%emt 00:00:44]} 32. Bf1
{[%clk 00:00:37]} {[%emt 00:01:45]} Bb6 {[%clk 00:15:56]} {[%emt 00:00:18]} 33.
Qe2 {[%clk 00:00:40]} {[%emt 00:00:25]} Qxb4 {[%clk 00:15:42]} {[%emt
00:00:45]} 34. Ng4 {[%clk 00:00:39]} {[%emt 00:00:31]} Kg7 {[%clk 00:15:17]}
{[%emt 00:00:55]} 35. f6+ {[%clk 00:00:33]} {[%emt 00:00:37]} Kh7 {[%clk
00:15:17]} {[%emt 00:00:29]} 36. Qd3 {[%clk 00:00:32]} {[%emt 00:00:31]} Qxe1
{[%clk 00:15:17]} {[%emt 00:00:31]} 37. Qa6 {[%clk 00:00:41]} {[%emt 00:00:20]}
Rc1 {[%clk 00:15:08]} {[%emt 00:00:39]} 38. Qb5 {[%clk 00:00:31]} {[%emt
00:00:41]} Nf3+ {[%clk 00:14:38]} {[%emt 00:00:59]} 39. Kg2 {[%clk 00:00:58]}
{[%emt 00:00:03]} Nd2 {[%clk 00:13:56]} {[%emt 00:01:11]} 40. Ne3 {[%clk
00:00:33]} {[%emt 00:00:55]} Bxe3 {[%clk 00:14:16]} {[%emt 00:00:10]} 41. fxe3
{[%clk 00:00:48]} {[%emt 00:00:16]} Qxf1+ {[%emt 00:00:45]} 0-1

[Event "DEM U14 2025"]
[Site "Willingen GER"]
[Date "2025.06.09"]
[Round "3"]
[White "Bundan, Edward"]
[Black "Park, Manuel"]
[Result "1-0"]
[Termination "normal"]
[Board "10"]
[WhiteElo "2038"]
[BlackElo "1828"]
[WhiteClock "01:13:48"]
[BlackClock "00:44:04"]
[PlyCount "29"]
[WhiteFideId "34603042"]
[BlackFideId "34629114"]
[EventCountry "GER"]
[EventRounds "9"]
[EventType "swiss"]
[EventDate "2025.06.07"]

1. e4 {[%clk 01:30:57]} {[%emt 00:00:02]} c5 {[%clk 01:30:36]} {[%emt
00:00:24]} 2. Nf3 {[%clk 01:31:21]} {[%emt 00:00:06]} d6 {[%clk 01:30:56]}
{[%emt 00:00:10]} 3. d4 {[%clk 01:31:46]} {[%emt 00:00:05]} cxd4 {[%clk
01:30:58]} {[%emt 00:00:29]} 4. Nxd4 {[%clk 01:32:04]} {[%emt 00:00:12]} Nf6
{[%clk 01:30:55]} {[%emt 00:00:33]} 5. Nc3 {[%clk 01:32:22]} {[%emt 00:00:11]}
a6 {[%clk 01:31:12]} {[%emt 00:00:14]} 6. Bg5 {[%clk 01:32:39]} {[%emt
00:00:13]} e5 {[%clk 01:31:22]} {[%emt 00:00:20]} 7. Nf5 {[%clk 01:29:02]}
{[%emt 00:04:08]} Bxf5 {[%clk 01:22:32]} {[%emt 00:09:20]} 8. Bxf6 {[%clk
01:29:00]} {[%emt 00:00:31]} Qxf6 {[%clk 01:22:30]} {[%emt 00:00:32]} 9. Nd5
{[%clk 01:28:44]} {[%emt 00:00:46]} Qd8 {[%clk 01:22:50]} {[%emt 00:00:10]} 10.
exf5 {[%clk 01:29:04]} {[%emt 00:00:10]} Be7 {[%clk 01:21:49]} {[%emt
00:01:31]} 11. Qf3 {[%clk 01:27:19]} {[%emt 00:02:15]} Nc6 {[%clk 01:20:04]}
{[%emt 00:02:15]} 12. c3 {[%clk 01:26:51]} {[%emt 00:00:58]} Rc8 {[%clk
01:19:32]} {[%emt 00:01:02]} 13. Bd3 {[%clk 01:26:13]} {[%emt 00:01:08]} O-O
{[%clk 01:00:56]} {[%emt 00:19:06]} 14. f6 {[%clk 01:13:36]} {[%emt 00:13:07]}
Bxf6 {[%clk 00:44:04]} {[%emt 00:17:22]} 15. Qf5 {[%clk 01:13:48]} {[%emt
00:00:17]} 1-0

[Event "DEM U14 2025"]
[Site "Willingen GER"]
[Date "2025.06.09"]
[Round "3"]
[White "Sasse, Conan"]
[Black "Savchuk, Alexander"]
[Result "1-0"]
[Termination "normal"]
[Board "11"]
[WhiteElo "1872"]
[BlackElo "1935"]
[WhiteClock "00:15:35"]
[BlackClock "00:01:38"]
[PlyCount "69"]
[WhiteFideId "34684336"]
[BlackFideId "34617434"]
[EventCountry "GER"]
[EventRounds "9"]
[EventType "swiss"]
[EventDate "2025.06.07"]

1. e4 {[%clk 01:30:55]} {[%emt 00:00:04]} c5 {[%clk 01:30:13]} {[%emt
00:00:47]} 2. Nf3 {[%clk 01:31:20]} {[%emt 00:00:05]} d6 {[%clk 01:30:15]}
{[%emt 00:00:28]} 3. d4 {[%clk 01:31:36]} {[%emt 00:00:13]} cxd4 {[%clk
01:30:22]} {[%emt 00:00:23]} 4. Nxd4 {[%clk 01:31:50]} {[%emt 00:00:16]} Nf6
{[%clk 01:30:23]} {[%emt 00:00:29]} 5. Nc3 {[%clk 01:32:05]} {[%emt 00:00:15]}
Nc6 {[%clk 01:30:07]} {[%emt 00:00:47]} 6. Bc4 {[%clk 01:32:13]} {[%emt
00:00:22]} e6 {[%clk 01:30:10]} {[%emt 00:00:27]} 7. Be3 {[%clk 01:32:34]}
{[%emt 00:00:09]} Bd7 {[%clk 01:29:47]} {[%emt 00:00:52]} 8. Qe2 {[%clk
01:29:21]} {[%emt 00:03:44]} a6 {[%emt 00:02:22]} 9. O-O-O {[%emt 00:00:03]} b5
{[%clk 01:29:23]} {[%emt 00:00:50]} 10. Bb3 {[%clk 01:21:04]} {[%emt 00:07:26]}
Na5 {[%clk 01:28:11]} {[%emt 00:01:42]} 11. f3 {[%clk 01:15:03]} {[%emt
00:06:31]} Be7 {[%clk 01:28:01]} {[%emt 00:00:39]} 12. Qf2 {[%clk 01:12:46]}
{[%emt 00:02:47]} Qc7 {[%clk 01:12:12]} {[%emt 00:16:19]} 13. Kb1 {[%clk
01:10:46]} {[%emt 00:02:30]} Nc4 {[%clk 01:11:38]} {[%emt 00:01:05]} 14. Bxc4
{[%clk 01:04:29]} {[%emt 00:06:47]} bxc4 {[%clk 01:09:48]} {[%emt 00:02:20]}
15. g4 {[%clk 00:54:24]} {[%emt 00:10:35]} O-O {[%clk 01:04:16]} {[%emt
00:06:01]} 16. h4 {[%clk 00:45:24]} {[%emt 00:09:31]} Rab8 {[%clk 00:58:10]}
{[%emt 00:06:36]} 17. Ka1 {[%clk 00:39:50]} {[%emt 00:06:03]} Qa5 {[%clk
00:48:15]} {[%emt 00:10:26]} 18. Nde2 {[%clk 00:30:00]} {[%emt 00:10:20]} Bc6
{[%clk 00:27:09]} {[%emt 00:21:36]} 19. g5 {[%clk 00:23:12]} {[%emt 00:07:17]}
Nd7 {[%clk 00:21:16]} {[%emt 00:06:23]} 20. f4 {[%clk 00:19:50]} {[%emt
00:03:52]} Qb4 {[%clk 00:18:14]} {[%emt 00:03:33]} 21. Rb1 {[%clk 00:19:15]}
{[%emt 00:01:05]} d5 {[%clk 00:16:26]} {[%emt 00:02:17]} 22. exd5 {[%clk
00:18:21]} {[%emt 00:01:24]} Bxd5 {[%clk 00:16:38]} {[%emt 00:00:18]} 23. Nxd5
{[%clk 00:18:09]} {[%emt 00:00:43]} exd5 {[%clk 00:17:03]} {[%emt 00:00:05]}
24. Nc3 {[%clk 00:18:29]} {[%emt 00:00:10]} d4 {[%clk 00:13:49]} {[%emt
00:03:44]} 25. Bxd4 {[%clk 00:18:43]} {[%emt 00:00:16]} Bc5 {[%clk 00:12:34]}
{[%emt 00:01:44]} 26. Rhd1 {[%clk 00:16:06]} {[%emt 00:03:07]} Bxd4 {[%clk
00:10:56]} {[%emt 00:02:08]} 27. Qxd4 {[%clk 00:16:12]} {[%emt 00:00:24]} Nb6
{[%clk 00:10:49]} {[%emt 00:00:37]} 28. h5 {[%clk 00:15:05]} {[%emt 00:01:37]}
Na4 {[%clk 00:08:58]} {[%emt 00:02:21]} 29. Nd5 {[%clk 00:14:08]} {[%emt
00:01:27]} Qb5 {[%clk 00:08:22]} {[%emt 00:01:06]} 30. h6 {[%clk 00:14:06]}
{[%emt 00:00:32]} f6 {[%clk 00:06:07]} {[%emt 00:02:46]} 31. hxg7 {[%clk
00:14:16]} {[%emt 00:00:20]} Kxg7 {[%clk 00:02:12]} {[%emt 00:04:24]} 32. gxf6+
{[%clk 00:14:39]} {[%emt 00:00:08]} Kf7 {[%clk 00:02:01]} {[%emt 00:00:41]} 33.
Qe4 {[%clk 00:14:54]} {[%emt 00:00:15]} Rfe8 {[%clk 00:01:19]} {[%emt
00:01:12]} 34. Qxh7+ {[%clk 00:15:08]} {[%emt 00:00:15]} Ke6 {[%clk 00:01:38]}
{[%emt 00:00:11]} 35. Nc7+ {[%clk 00:15:35]} {[%emt 00:00:03]} 1-0

[Event "DEM U14 2025"]
[Site "Willingen GER"]
[Date "2025.06.09"]
[Round "3"]
[White "Rodriguez Klasen, Ennio"]
[Black "Schulz, Robin"]
[Result "1/2-1/2"]
[Termination "normal"]
[Board "13"]
[WhiteElo "2021"]
[BlackElo "1939"]
[WhiteClock "00:07:20"]
[BlackClock "00:13:46"]
[PlyCount "52"]
[WhiteFideId "16277414"]
[BlackFideId "34641912"]
[EventCountry "GER"]
[EventRounds "9"]
[EventType "swiss"]
[EventDate "2025.06.07"]

1. e4 {[%clk 01:30:55]} {[%emt 00:00:02]} c6 {[%clk 01:30:51]} {[%emt
00:00:13]} 2. d4 {[%clk 01:31:19]} {[%emt 00:00:06]} d5 {[%clk 01:31:16]}
{[%emt 00:00:05]} 3. Nd2 {[%clk 01:31:44]} {[%emt 00:00:05]} dxe4 {[%clk
01:31:22]} {[%emt 00:00:24]} 4. Nxe4 {[%clk 01:32:09]} {[%emt 00:00:05]} Nf6
{[%clk 01:31:45]} {[%emt 00:00:07]} 5. Qd3 {[%clk 01:32:32]} {[%emt 00:00:06]}
Nxe4 {[%clk 01:30:59]} {[%emt 00:01:16]} 6. Qxe4 {[%clk 01:32:59]} {[%emt
00:00:04]} Nd7 {[%clk 01:31:09]} {[%emt 00:00:20]} 7. Nf3 {[%clk 01:33:23]}
{[%emt 00:00:06]} Nf6 {[%clk 01:31:21]} {[%emt 00:00:17]} 8. Qf4 {[%clk
01:33:49]} {[%emt 00:00:05]} Qd6 {[%clk 01:30:17]} {[%emt 00:01:35]} 9. Bd3
{[%clk 01:33:41]} {[%emt 00:00:37]} Nd5 {[%clk 01:18:30]} {[%emt 00:12:17]} 10.
Qxd6 {[%clk 01:32:30]} {[%emt 00:01:41]} exd6 {[%clk 01:17:47]} {[%emt
00:01:13]} 11. c4 {[%clk 01:28:39]} {[%emt 00:04:21]} Nb4 {[%clk 01:16:09]}
{[%emt 00:02:08]} 12. Bb1 {[%clk 01:28:28]} {[%emt 00:00:41]} Be6 {[%clk
01:16:10]} {[%emt 00:00:29]} 13. a3 {[%clk 01:23:38]} {[%emt 00:05:19]} Na6
{[%clk 01:16:14]} {[%emt 00:00:26]} 14. Bd3 {[%clk 01:23:19]} {[%emt 00:00:49]}
Be7 {[%clk 01:16:12]} {[%emt 00:00:32]} 15. Bf4 {[%clk 01:09:09]} {[%emt
00:14:41]} Nc7 {[%clk 01:09:58]} {[%emt 00:06:44]} 16. O-O {[%clk 01:01:54]}
{[%emt 00:07:45]} a5 {[%clk 01:05:17]} {[%emt 00:05:11]} 17. Rfe1 {[%clk
00:50:46]} {[%emt 00:11:37]} h6 {[%clk 00:56:57]} {[%emt 00:08:51]} 18. b4
{[%clk 00:46:51]} {[%emt 00:04:25]} g5 {[%clk 00:53:42]} {[%emt 00:03:45]} 19.
Bg3 {[%clk 00:43:46]} {[%emt 00:03:34]} Kd7 {[%clk 00:34:25]} {[%emt 00:19:47]}
20. h3 {[%clk 00:19:12]} {[%emt 00:25:04]} axb4 {[%clk 00:31:19]} {[%emt
00:03:36]} 21. axb4 {[%clk 00:19:05]} {[%emt 00:00:36]} Rxa1 {[%clk 00:31:14]}
{[%emt 00:00:36]} 22. Rxa1 {[%clk 00:19:33]} {[%emt 00:00:03]} Ra8 {[%clk
00:31:37]} {[%emt 00:00:07]} 23. Rxa8 {[%clk 00:18:38]} {[%emt 00:01:25]} Nxa8
{[%clk 00:31:50]} {[%emt 00:00:17]} 24. b5 {[%clk 00:08:08]} {[%emt 00:10:59]}
f6 {[%clk 00:21:36]} {[%emt 00:10:44]} 25. bxc6+ {[%clk 00:07:41]} {[%emt
00:00:57]} bxc6 {[%clk 00:21:16]} {[%emt 00:00:51]} 26. Nd2 {[%clk 00:07:20]}
{[%emt 00:00:51]} f5 {[%clk 00:13:46]} {[%emt 00:08:00]} 1/2-1/2

[Event "DEM U14 2025"]
[Site "Willingen GER"]
[Date "2025.06.09"]
[Round "3"]
[White "Schröder, Hannes Artur"]
[Black "Kovalskyy, Alicia"]
[Result "1-0"]
[Termination "normal"]
[Board "14"]
[WhiteElo "1705"]
[BlackElo "1924"]
[WhiteClock "00:08:37"]
[BlackClock "00:00:45"]
[PlyCount "57"]
[WhiteFideId "34608818"]
[BlackFideId "34612130"]
[EventCountry "GER"]
[EventRounds "9"]
[EventType "swiss"]
[EventDate "2025.06.07"]

1. c4 {[%clk 01:30:58]} e5 {[%clk 01:30:57]} {[%emt 00:00:04]} 2. g3 {[%clk
01:31:24]} {[%emt 00:00:04]} Nc6 {[%clk 01:31:23]} {[%emt 00:00:04]} 3. Bg2
{[%clk 01:31:48]} {[%emt 00:00:05]} g6 {[%clk 01:31:51]} {[%emt 00:00:03]} 4.
Nc3 {[%clk 01:32:06]} {[%emt 00:00:12]} Bg7 {[%clk 01:32:17]} {[%emt 00:00:04]}
5. e3 {[%clk 01:32:23]} {[%emt 00:00:13]} d6 {[%clk 01:32:19]} {[%emt
00:00:27]} 6. Nge2 {[%clk 01:32:28]} {[%emt 00:00:25]} f5 {[%clk 01:24:25]}
{[%emt 00:08:25]} 7. Rb1 {[%clk 01:27:56]} {[%emt 00:05:02]} Nf6 {[%clk
01:21:24]} {[%emt 00:03:30]} 8. b4 {[%clk 01:23:01]} {[%emt 00:05:25]} e4
{[%clk 01:16:51]} {[%emt 00:05:03]} 9. d4 {[%clk 01:07:14]} {[%emt 00:16:18]}
exd3 {[%clk 01:13:48]} {[%emt 00:03:34]} 10. Bxc6+ {[%clk 01:03:46]} {[%emt
00:03:58]} bxc6 {[%clk 01:13:44]} {[%emt 00:00:34]} 11. Qxd3 {[%clk 01:03:50]}
{[%emt 00:00:25]} Ba6 {[%clk 01:00:45]} {[%emt 00:13:30]} 12. Nd4 {[%clk
00:56:36]} {[%emt 00:07:44]} Qd7 {[%clk 00:58:14]} {[%emt 00:03:01]} 13. O-O
{[%clk 00:42:07]} {[%emt 00:15:00]} c5 {[%clk 00:41:48]} {[%emt 00:16:56]} 14.
Ndb5 {[%clk 00:37:40]} {[%emt 00:04:57]} cxb4 {[%clk 00:34:32]} {[%emt
00:07:46]} 15. Rxb4 {[%clk 00:35:00]} {[%emt 00:03:10]} O-O {[%clk 00:31:34]}
{[%emt 00:03:28]} 16. Nd5 {[%clk 00:26:10]} {[%emt 00:09:20]} Nxd5 {[%clk
00:21:09]} {[%emt 00:10:56]} 17. Qxd5+ {[%clk 00:25:17]} {[%emt 00:01:23]} Kh8
{[%clk 00:21:31]} {[%emt 00:00:07]} 18. Bb2 {[%clk 00:20:11]} {[%emt 00:05:36]}
Rab8 {[%clk 00:08:23]} {[%emt 00:13:39]} 19. Rb1 {[%clk 00:14:26]} {[%emt
00:06:15]} Bb7 {[%clk 00:06:17]} {[%emt 00:02:36]} 20. Bxg7+ {[%clk 00:14:45]}
{[%emt 00:00:10]} Kxg7 {[%clk 00:05:33]} {[%emt 00:01:15]} 21. Qd4+ {[%clk
00:12:57]} {[%emt 00:02:18]} Rf6 {[%clk 00:05:24]} {[%emt 00:00:39]} 22. Nxd6
{[%clk 00:09:19]} {[%emt 00:04:07]} cxd6 {[%clk 00:02:16]} {[%emt 00:03:38]}
23. Qxa7 {[%clk 00:09:41]} {[%emt 00:00:08]} Qc6 {[%clk 00:00:38]} {[%emt
00:02:09]} 24. Rxb7+ {[%clk 00:09:56]} {[%emt 00:00:14]} Rxb7 {[%clk 00:01:05]}
{[%emt 00:00:04]} 25. Qxb7+ {[%clk 00:08:49]} {[%emt 00:01:37]} Qxb7 {[%clk
00:01:28]} {[%emt 00:00:06]} 26. Rxb7+ {[%clk 00:09:15]} {[%emt 00:00:05]} Kh6
{[%clk 00:00:57]} {[%emt 00:01:01]} 27. Rb6 {[%clk 00:08:31]} {[%emt 00:01:13]}
Kg5 {[%clk 00:00:52]} {[%emt 00:00:36]} 28. c5 {[%clk 00:08:37]} {[%emt
00:00:25]} dxc5 {[%clk 00:00:45]} {[%emt 00:00:37]} 29. h4+ {[%emt 00:00:22]}
1-0

[Event "DEM U14 2025"]
[Site "Willingen GER"]
[Date "2025.06.09"]
[Round "3"]
[White "Stehning, Toni"]
[Black "Svanidze, Alexander"]
[Result "1-0"]
[Termination "normal"]
[Board "15"]
[WhiteElo "1873"]
[BlackElo "1720"]
[WhiteClock "00:03:32"]
[BlackClock "00:02:51"]
[PlyCount "67"]
[WhiteFideId "34623477"]
[BlackFideId "34623469"]
[EventCountry "GER"]
[EventRounds "9"]
[EventType "swiss"]
[EventDate "2025.06.07"]

1. e4 {[%clk 01:30:28]} {[%emt 00:00:31]} e5 {[%clk 01:30:55]} {[%emt
00:00:05]} 2. Bc4 {[%clk 01:30:54]} {[%emt 00:00:04]} Nf6 {[%clk 01:31:20]}
{[%emt 00:00:05]} 3. d3 {[%clk 01:31:20]} {[%emt 00:00:04]} c6 {[%clk
01:31:41]} {[%emt 00:00:10]} 4. Nf3 {[%clk 01:31:45]} {[%emt 00:00:05]} d5
{[%clk 01:32:04]} {[%emt 00:00:07]} 5. Bb3 {[%clk 01:32:10]} {[%emt 00:00:04]}
Bd6 {[%clk 01:32:10]} {[%emt 00:00:25]} 6. Nc3 {[%clk 01:32:35]} {[%emt
00:00:06]} d4 {[%clk 01:31:59]} {[%emt 00:00:40]} 7. Ne2 {[%clk 01:32:59]}
{[%emt 00:00:05]} Nbd7 {[%clk 01:31:00]} {[%emt 00:01:30]} 8. O-O {[%clk
01:27:45]} {[%emt 00:05:44]} Nc5 {[%clk 01:28:35]} {[%emt 00:02:54]} 9. Ng3
{[%clk 01:27:54]} {[%emt 00:00:20]} Nxb3 {[%clk 01:28:38]} {[%emt 00:00:28]}
10. axb3 {[%clk 01:28:14]} {[%emt 00:00:10]} O-O {[%clk 01:21:23]} {[%emt
00:07:44]} 11. Nh4 {[%clk 01:26:44]} {[%emt 00:02:00]} Re8 {[%clk 01:20:27]}
{[%emt 00:01:26]} 12. Bg5 {[%clk 01:12:13]} {[%emt 00:15:01]} h6 {[%clk
01:16:17]} {[%emt 00:04:39]} 13. Bxf6 {[%clk 01:09:36]} {[%emt 00:03:08]} Qxf6
{[%clk 01:16:00]} {[%emt 00:00:47]} 14. Nhf5 {[%clk 01:09:20]} {[%emt
00:00:47]} Bf8 {[%clk 01:09:12]} {[%emt 00:07:17]} 15. f4 {[%clk 00:51:45]}
{[%emt 00:18:05]} g6 {[%clk 00:52:06]} {[%emt 00:17:36]} 16. fxe5 {[%clk
00:51:25]} {[%emt 00:00:50]} Qxe5 {[%clk 00:52:25]} {[%emt 00:00:10]} 17. Nh4
{[%clk 00:51:28]} {[%emt 00:00:27]} h5 {[%clk 00:52:40]} {[%emt 00:00:16]} 18.
Nf3 {[%clk 00:51:08]} {[%emt 00:00:50]} Qc5 {[%clk 00:48:48]} {[%emt 00:04:22]}
19. Qd2 {[%clk 00:48:54]} {[%emt 00:02:44]} Bg4 {[%clk 00:39:30]} {[%emt
00:09:48]} 20. h3 {[%clk 00:34:08]} {[%emt 00:15:16]} Bxf3 {[%clk 00:39:49]}
{[%emt 00:00:11]} 21. Rxf3 {[%clk 00:34:31]} {[%emt 00:00:07]} Be7 {[%clk
00:39:17]} {[%emt 00:01:01]} 22. Qf4 {[%clk 00:28:27]} {[%emt 00:06:34]} Rf8
{[%clk 00:38:29]} {[%emt 00:01:19]} 23. e5 {[%clk 00:22:17]} {[%emt 00:06:40]}
Kg7 {[%clk 00:27:22]} {[%emt 00:11:36]} 24. Ne4 {[%clk 00:06:58]} {[%emt
00:15:49]} Qxc2 {[%clk 00:18:21]} {[%emt 00:09:31]} 25. g4 {[%clk 00:05:46]}
{[%emt 00:01:41]} hxg4 {[%clk 00:15:03]} {[%emt 00:03:47]} 26. hxg4 {[%clk
00:06:02]} {[%emt 00:00:15]} Qxb2 {[%clk 00:11:04]} {[%emt 00:04:29]} 27. Raf1
{[%clk 00:06:23]} {[%emt 00:00:10]} Qxb3 {[%clk 00:11:18]} {[%emt 00:00:15]}
28. Nd6 {[%clk 00:04:35]} {[%emt 00:02:18]} f6 {[%clk 00:06:43]} {[%emt
00:05:05]} 29. Rh3 {[%clk 00:03:52]} {[%emt 00:01:13]} Bxd6 {[%clk 00:04:31]}
{[%emt 00:02:42]} 30. exf6+ {[%clk 00:03:24]} {[%emt 00:00:58]} Kg8 {[%clk
00:03:46]} {[%emt 00:01:15]} 31. Rh8+ {[%clk 00:02:45]} {[%emt 00:01:09]} Kf7
{[%clk 00:03:45]} {[%emt 00:00:31]} 32. Qxd6 {[%clk 00:02:52]} {[%emt
00:00:24]} Qe6 {[%clk 00:02:33]} {[%emt 00:01:42]} 33. Rh7+ {[%clk 00:03:07]}
{[%emt 00:00:15]} Kg8 {[%clk 00:02:51]} {[%emt 00:00:12]} 34. Rg7+ {[%clk
00:03:32]} {[%emt 00:00:05]} 1-0